[Event "FICGS rapid A 000111 email"]
[Site "FICGS email"]
[Date "2011.07.25"]
[Round "1"]
[White "Scandone, Raffaele"]
[Black "Helmer, Janos"]
[Result "0-1"]
[WhiteElo "2000"]
[BlackElo "2042"]
[PlyCount "28"]
[EventDate "2011.??.??"]
[EventType "tourn (rapid)"]
[EventRounds "6"]
[SourceTitle "Corr 2013"]
[Source "ChessBase"]
[SourceDate "2012.11.12"]
[SourceVersion "1"]
[SourceVersionDate "2012.11.12"]
[SourceQuality "1"]

1. d4 f5 2. g3 Nf6 3. Bg2 e6 4. c4 c6 5. Nd2 d5 6. Qc2 Bd6 7. Nh3 0-0 8. 0-0 b6 9. a4 Na6 10. Qb3 Re8 11. cxd5 exd5 12. Nc4 dxc4 13. Qxc4+ Kh8 14. Bxc6 Qc7 0-1

[Event "FICGS class A 000098 email"]
[Site "FICGS email"]
[Date "2011.07.12"]
[Round "1"]
[White "Scandone, Raffaele"]
[Black "Richard, Andy"]
[Result "0-1"]
[WhiteElo "2000"]
[BlackElo "2000"]
[PlyCount "54"]
[EventDate "2011.??.??"]
[EventType "tourn (corr)"]
[EventRounds "6"]
[SourceTitle "Corr 2013"]
[Source "ChessBase"]
[SourceDate "2012.11.12"]
[SourceVersion "1"]
[SourceVersionDate "2012.11.12"]
[SourceQuality "1"]

1. d4 e6 2. e4 d5 3. Nc3 Nf6 4. Bg5 dxe4 5. Nxe4 Be7 6. Bxf6 Bxf6 7. Nf3 Nd7 8. Qd2 0-0 9. 0-0-0 Be7 10. Bd3 c5 11. dxc5 Qc7 12. h4 f5 13. Nc3 Nxc5 14. Nb5 Qb6 15. Nbd4 Bf6 16. Rhe1 Bd7 17. Bc4 Ne4 18. Qe3 Kh8 19. Ng5 Rad8 20. f3 Bc8 21. c3 e5 22. Nde6 Rxd1+ 23. Kxd1 Qxe3 24. Rxe3 Bxe6 25. Nxe6 Rc8 26. Bd5 Nc5 27. Kc2 f4 0-1